Guts And Blackpowder - French Empire Or United Kingdom - Statistics

General Stats
  • This quiz has been taken 127 times
    104 since last reset
  • The average score is 12 of 15
Answer Stats
Question Answer % Correct
Appears in San Sebastian Both
94%
Appears in Leipzig French Empire
93%
Has a navy regiment Both
91%
Quarantines the Danish United Kingdom
91%
Appears in Roscoff Both
90%
Their NPC lasts longer than the other French Empire (Jean)
88%
Appears in more maps French Empire
86%
Has more playable regiments (excluding medic and chaplain) French Empire
80%
Has a cavalry regiment Both
79%
Has a Portuguese speaking regiment Neither
79%
Canonically lasts longer than the other nation United Kingdom
75%
Has a German speaking regiment United Kingdom
66%
Their NPC has a longer name French Empire
54%
Has its own skin for the Fife United Kingdom
53%
Is the only nation in a map French Empire
49%
No matching quizzes found
Score Distribution
Percent of People with Each Score
Percentile by Number Answered
Your Score History
You have not taken this quiz since the last reset